Best Thing I Never Had - Beyoncé (All Lyrics) - Statistics

General Stats
  • This quiz has been taken 1,167 times
  • The average score is 353 of 422
Answer Stats
Lyrics % Correct
a
99%
Boo
99%
I
99%
I,
99%
hoo,
98%
be
97%
the
97%
you
97%
you.
97%
You
97%
you,
97%
Oh
95%
oh,
95%
Oh,
95%
best
94%
never
93%
thing
93%
had.
92%
that
91%
that.
91%
That
91%
that's
91%
No
90%
no
90%
to
90%
baby,
88%
baby
88%
Baby,
88%
my
88%
So
88%
so
88%
back
87%
back.
87%
out.
87%
out
87%
outta
87%
time
87%
time,
87%
it.
85%
it
85%
It's
85%
was
85%
What
85%
what
85%
your
85%
and
84%
And
84%
right.
84%
right
84%
There
84%
there.
84%
there
84%
I'm
83%
want
83%
around,
81%
around.
81%
thought
81%
turned
81%
comes
80%
did
80%
goes
80%
God
79%
Thank
79%
thank
79%
everything
78%
real
78%
saw
78%
with
78%
loved
77%
think
77%
of
75%
almost
74%
'Cause
74%
mind.
74%
through
74%
wrong.
74%
ass
73%
blew
73%
bullet.
73%
good
73%
now.
73%
showed
73%
honestly
72%
me
72%
over
72%
must
71%
when
71%
When
71%
been
70%
have
69%
Boy,
68%
lies,
68%
dodged
67%
lookin'
66%
sucks
65%
wanted
65%
always
63%
don't
63%
know
63%
bad.
58%
deserve
57%
expect
56%
gon'
56%
in
56%
tears.
56%
care?
55%
one
55%
why
55%
got
54%
bet
53%
guess
53%
they
53%
you're
53%
will
52%
ain't
50%
another
50%
away.
49%
face
49%
hurt.
49%
life.
47%
take
46%
used
46%
world,
45%
facts.
44%
found
44%
sad
44%
I'll
43%
place,
43%
yes,
43%
goodbye.
42%
knows
42%
Lord
42%
say
40%
would
39%
said
35%
No matching quizzes found
Score Distribution
Percent of People with Each Score
Percentile by Number Answered
Your Score History
You have not taken this quiz